1980 1860 1009 1464 1183 1831 1426 1686 1945 1271 1096 1667 1494 1058 1049 1353 1877 1418 1185 1657 1262 1789 1231 1377 1530 1859 1235 1282 1236 1018 1279 1316 1585 1042 1616 1139 1186 1567 1404 1593 1592 1560 1979 1556 1181 1501 1946 1617 1550 1300 1358 1043 1368 1964 1554 1705 1008 1974 1105 1202 1103 1748 1519 1580 1024 1234 1320 1929 1888 1460 1448 1588 1429 1445 1091 1822 1350 1244 1936 1938 1705 1343 1449 1714 1164 1779 1338 1069 1928 1303 1161 1213 1695 1380 1282 1590 1489 1011 1206 BCNSPRNW ULIB Ver.6.0+V

เปลี่ยนเป็นภาษาไทย

Change to English
 แสดงรายละเอียดบรรณานุกรม
  กลับหน้าหลัก

Brief Record : Get Marc (ISO 2709) : E-mail record : QR code < ปิดหน้าต่าง
LEADER : 00000nam 2200000uu 4500
001    13399125658
003     ULIB
008    170713s2559||||th 000 0 tha d
020    ^a9786161810603
040    ^absi
060 04 ^aQV766^bผ331
100 0  ^aผาณิต บุญมาก
245 10 ^aประโยชน์มหัศจรรย์ :^bพริกไทย /^cผาณิต บุญมาก, เรียบเรียง ;จักรพงษ์ นุตาลัย, ถ่ายภาพ
250    ^aพิมพ์ครั้งที่ 1
260    ^aกรุงเทพฯ :^bอมรินทร์สุขภาพ,^c2559
300    ^a78 หน้า :^bภาพประกอบ ;^c21 ซม.
490 1  ^aชุดชีวิตและสุขภาพ ;^vลำดับที่ 199
650  4 ^aพริกไทย
650  4 ^aสมุนไพร
830  0 ^aการดูแลสุขภาพด้วยพริกไทย ;^vลำดับที่ 199.
945    ^p89^l0^i002647
945    ^p0^l0^i002665
999    ^aประนอม เกษจรัล
รายการนี้ยังไม่มีแท็ก
คุณยังไม่ได้ล็อกอิน คุณสามารถมีกิจกรรมร่วมกับเว็บไซต์ได้ แต่ต้องล็อกอินก่อน ::
  ล็อกอิน

รายการสื่อสารสนเทศ

ลำดับที่ ประเภท เลขเรียก/บาร์โค้ด สถานที่ สถานะ
1. วิทยาศาสตร์การแพทย์ และสุขภาพ
วิทยาศาสตร์การแพทย์ และสุขภาพ
สถานะ=หนังสือเก่า
QV766 ผ331 ฉ.1 
  Barcode: 002647
ห้องสมุดวิทยาเขตสวรรค์ประชารักษ์
►ส่วนจัดเก็บหนังสือเก่า สปร
บนชั้น
  ขอยืม
2. วิทยาศาสตร์การแพทย์ และสุขภาพ
วิทยาศาสตร์การแพทย์ และสุขภาพ
QV766 ผ331 ฉ.2 
  Barcode: 002665
ห้องสมุดวิทยาเขตสวรรค์ประชารักษ์
►หนังสือทั่วไป
บนชั้น

รายการใกล้เคียง
    หัวเรื่อง [พริกไทย]
    หัวเรื่อง [สมุนไพร]

BibComment


ยังไม่เคยถูกคอมเมนท์

คอมเมนท์ทรัพยากรรายการนี้
  คอมเมนท์: ประโยชน์มหัศจรรย..


 Copyright 2026. Bcnsprnw @Library